Biggest Cities in Finland • A-Ä - Statistics

General Stats
  • This quiz has been taken 160 times
  • The average score is 13 of 21
Answer Stats
A-Ä Pop. *City % Correct
H 655 281 Helsinki
100%
T 238 420 Tampere
95%
O 205 629 Oulu
92%
E 290 200 Espoo
89%
V 233 383 Vantaa
89%
J 142 477 Jyväskylä
86%
P 83 905 Pori
79%
L 119 917 Lahti
78%
K 119 379 Kuopio
77%
R 63 128 Rovaniemi
76%
M 53 197 Mikkeli
61%
S 63 834 Seinäjoki
55%
Ä 18 759 Äänekoski
53%
U 15 685 Uusikaupunki
47%
F 16 906 Forssa
46%
I 26 509 Imatra
42%
A 16 476 Akaa
36%
N 42 709 Nurmijärvi
33%
Y 33 216 Ylöjärvi
33%
G 502 Geta
26%
B 442 Brändö
22%
No matching quizzes found
Score Distribution
Percent of People with Each Score
Percentile by Number Answered
Your Score History
You have not taken this quiz